Benchmarking - efektívny nástroj manažmentu

Dôležitosť benchmarkingu ako efektívneho nástroja manažmentu - jeho definícia. Využitie benchmarkingu vo svete a v SR. Benchmarking v našich podnikoch.

Gespeichert in:
Bibliographische Detailangaben
1. Verfasser: Daniš, Viliam
Format: Buchkapitel
Sprache:Slowakisch
Schlagworte:
Tags: Tag hinzufügen
Keine Tags, Fügen Sie das erste Tag hinzu!

MARC

LEADER 00000naa a2200000 4500
001 r047666
005 20230925123148.5
041 0 |a slo 
044 |a SK 
245 1 0 |a Benchmarking - efektívny nástroj manažmentu  |c Viliam Daniš 
520 |a Dôležitosť benchmarkingu ako efektívneho nástroja manažmentu - jeho definícia. Využitie benchmarkingu vo svete a v SR. Benchmarking v našich podnikoch. 
610 2 0 |a benchmarking 
610 2 0 |a manažment 
610 2 0 |a podnik 
610 2 0 |a politika priemyselná 
610 2 0 |a svet 
610 2 0 |a Slovensko 
100 1 |a Daniš, Viliam